LEADER 01411nam a2200277 4500 001 000000357977 003 CaOOAMICUS 005 20240411142850.0 008 240411s2024 gw 000 u ger r 020 $a978-3-402-13773-4 040 $aSeMil$bita 100 1 $aFürst, Alfons,$d<1961- >.$0(OLS)http://semarc/name/34086 245 10$aVergöttlichung und Sozialethik :$bdie neuentdeckte Homilie des Origenes über Psalm 82 (81 LXX) im auslegungsgeschichtlichen Kontext /$cAlfons Fürst. 264 1$aMünster :$bAschendorff,$c2024. 300 $a232 p. ;$c24 cm 490 1 $aAdamantiana ;$v29 504 $aLiteraturverzeichnis, p. 187-212 650 4$aBibbia. Antico Testamento. Salmi, 81-82 - Versione dei Settanta.$0(OLS)http://semarc/subject/55531 650 04$aBibbia - AT - Salmi - Interpretazione [di] Origene.$0(OLS)http://semarc/subject/55532 830 0$aAdamantiana ;$v29.$0(OLS)http://semarc/title/447719 850 $aSeMil 852 $aSeMil$W1$xVenegono$y1$m2UA H 29$j247560$B249100$CSeMilBibl$Z2$F249100 $81 996 $6020$a978-3-402-13773-4$9(OLS)http://semarc/number/300205 996 $6245$aVergöttlichung und Sozialethik :$bdie neuentdeckte Homilie des Origenes über Psalm 82 (81 LXX) im auslegungsgeschichtlichen Kontext$9(OLS)http://semarc/title/448255 996 $6264$aMünster :$bAschendorff$9(OLS)http://semarc/publisher/29674